000 01251nam a22003857a 4500
001 000102141
003 CHAP
005 20220329143550.0
008 100604s2010 mx a r 00010 spa d
010 _a98604
011 _a99576
020 _a97860712101089
035 _a110262
040 _cCHAP
082 0 4 _a306.446
_bC36
100 0 0 _aPatlán Martínez, Elia.
_986188
245 1 0 _aChapingo multicultural :
_bvoces de nuestra identidad /
_cpor Elia Patlán Martínez.
260 _aChapingo, Méx. :
_bUACH,
_c2010.
300 _a309 p. :
_bilus.
590 _aBATCH-UPD
_b10
_c20130110
_lUCH01
_h1255
590 _aBATCH-UPD
_b10
_c20130410
_lUCH01
_h0816
590 _aBATCH-UPD
_b10
_c20130914
_lUCH01
_h1127
590 _aCONVERSION
_b10
_c20130109
_lUCH01
_h1354
590 _aE5995AHE
_b05
_c20150217
_lUCH01
_h1333
590 _aE5995AHE
_b05
_c20150217
_lUCH01
_h1452
650 1 4 _aCultura popular.
_930409
650 1 4 _aIdentidad.
_957290
650 1 4 _aUACH
_xEstudiantes.
_9115802
901 _aBK
911 _aen proceso
942 _cLIBRO
942 _n0
949 _a306.446 C36
_bBC
_cLIBRO
_d33724002172181
_eLIBRO
_fc.2
_gI.c/e
_h112779
_i110262
_sb
949 _a306.446 C36
_bBC
_cUACH
_d33724002172108
_eUACH
_gI.c/e
_h112771
_i110262
_sb
999 _c98604
_d98604